|
|
|
|
| LEADER |
00000nam a2200000 i 4500 |
| 001 |
1/17116 |
| 008 |
980828s1996 eng d |
| 020 |
|
|
|a 0-582-22712-7
|
| 035 |
|
|
|l 10020440
|
| 040 |
|
|
|a GR-MY-UA
|b gre
|e aacr
|
| 041 |
0 |
|
|a eng
|
| 082 |
0 |
|
|a 344.41046
|
| 100 |
1 |
|
|a McEldowney, John F.
|
| 245 |
1 |
0 |
|a Environment and the law :
|b an introduction for environmental scientists and lawyers /
|c John F. McEldowney; Sharron McEldowney
|
| 260 |
|
|
|a Harlow :
|b Longman,
|c c1996
|
| 300 |
|
|
|a 327 p.
|b tabl.;fig.
|
| 504 |
|
|
|a Includes bibliographical references and index
|
| 650 |
0 |
0 |
|a Environmental law
|z Great Britain.
|
| 650 |
0 |
0 |
|a Pollution
|x Law and legislation
|z Great Britain.
|
| 700 |
1 |
|
|a McEldowney, Sharron.
|
| 852 |
|
|
|a INST
|b LESVOS
|e 19980828
|h 344.41046 MCE
|p 005100013121
|q 005100013121
|t BK
|y 0
|
| 901 |
|
|
|a BIBL-1998-3
|
| 909 |
|
|
|a Λ
|b 058999
|
| 922 |
|
|
|a 1ΕΛΗ
|b 199808
|c ΚΠΣ/ΤΠ
|d ΠΑΠΑΣΩΤΗΡΙΟΥ
|
| 950 |
|
|
|a 107-1998-05-21
|